000 00309cam a22001097a 4500
008 180718b1985 xxu||||| |||| 00| 0 eng d
082 _aT42x54 R141
100 _aRangaswamy, B.
245 _aPublic sector banking in India
_cby B.Rangaswamy
260 _aNew Delhi
_bGovt. of India Press
_c1985
300 _a116+p.
999 _c498050
_d498050